00330nam a2200121 a 4500008004100000050001600041100001500057245004300072260002800115350000900143650004500152650001100197120416s1964 ||||||||||||||||| || u aHD 6857 Lyn aLynd, G. E14aThe politics of African trade unionism aNew YorkbPraegerc1964 a0.00 aLABOUR UNIONS--POLITICAL ASPECTS--AFRICA aLABOUR